|
|
|
|
| LEADER |
01268pam a22003858a 4500 |
| 001 |
00032724 |
| 005 |
20171026081025.0 |
| 008 |
141105s2011 ||||||viesd |
| 020 |
# |
# |
|c 79000
|a 9786049082887
|
| 041 |
0 |
# |
|a vie
|
| 082 |
1 |
4 |
|a 158.1
|b B112QU
|
| 100 |
1 |
# |
|a Andrews, Andy
|
| 245 |
1 |
0 |
|a 7 quyết định làm nên thành công
|c Andy Andrews; Phùng Hà (dịch); Trần cung (h.đ)
|b Thực thi hiệu quả
|
| 246 |
0 |
1 |
|a Mastering the seven decisions that determine personal success
|
| 250 |
# |
# |
|a Tái bản lần thứ nhất
|
| 260 |
# |
# |
|a Hà Nội
|b Tri thức; Công ty sách Thái Hà
|c 2011
|
| 300 |
# |
# |
|a 335 tr.
|c 21 cm.
|
| 490 |
# |
# |
|a Tủ sách V-Biz
|
| 653 |
# |
# |
|a Bí quyết
|
| 653 |
# |
# |
|a Con người
|
| 653 |
# |
# |
|a Tâm lý học
|
| 653 |
# |
# |
|a Thành công
|
| 653 |
# |
# |
|a Kỹ năng sống
|
| 653 |
# |
# |
|a Cuộc sống
|
| 700 |
1 |
# |
|a Phùng, Hà
|e Dịch
|
| 700 |
1 |
# |
|a Tần, Cung
|e Hiệu đính
|
| 852 |
# |
# |
|j KD.0016201
|j KM.0017409
|
| 852 |
# |
# |
|b Kho đọc
|j KD.0016201
|
| 852 |
# |
# |
|b Kho mượn
|j KM.0017409
|
| 910 |
# |
# |
|d 5/11/2014
|
| 980 |
# |
# |
|a Trung tâm Học liệu Lê Vũ Hùng, Trường Đại học Đồng Tháp
|